|
|
|
|
| LEADER |
00000nab a2200000u 4500 |
| 001 |
vtls012232425 |
| 003 |
SK-MaSNL |
| 005 |
20260303193034.0 |
| 008 |
230615|1967 xo ||||||| || ||slo| |
| 038 |
|
|
|a KEVKJB
|
| 040 |
|
|
|a KEVKJB
|b slo
|e rda
|
| 041 |
0 |
|
|a slo
|
| 043 |
|
|
|a e-xo---
|
| 044 |
|
|
|a xo
|c SK
|
| 072 |
|
7 |
|a 629
|x Dopravné prostriedky
|2 konspekt
|
| 080 |
|
|
|a 629.433
|2 2011
|
| 100 |
1 |
|
|a (zv)
|4 aut
|9 855003
|
| 245 |
1 |
0 |
|a V električkách bez samoobsluhy
|b od 1. februára na skúšku po starom
|c [autor] (ZV)
|
| 336 |
|
|
|a text
|b txt
|2 rdacontent
|
| 337 |
|
|
|a bez média
|b n
|2 rdamedia
|
| 338 |
|
|
|a zväzok
|b nc
|2 rdacarrier
|
| 650 |
0 |
7 |
|a mestská hromadná doprava
|2 SNKPH
|9 71604
|
| 650 |
0 |
7 |
|a električky
|2 SNKPH
|9 18193
|
| 651 |
|
7 |
|a Košice (Slovensko)
|2 SNKPHgeo
|9 18694
|
| 773 |
0 |
|
|t Zora východu
|g Roč. 8, č. 5 (1967), s. 1
|
| 852 |
|
|
|a KEVKJB
|b KIS3GCP
|
| 999 |
|
|
|c 2150121
|d 2152051
|